00271nam a2200109Ia 4500008004100000100001800041245002100059260004300080650001400123942000700137999001700144190216s9999||||xx |||||||||||||| ||und|| aPadmanabhan T 0aMalayalam-Sakshi bSahithya Pravarthaka Sahakarana Sangam aMalayalam cBK c26352d26352